000 00657nam a22002297a 4500
003 UA-OsUOA
001 103907
007 ta
008 20131125b un ||||| |||| 00| 0 ukr d
100 _aЧестерфилд
090 _a821.161.1
_bЧ-51
942 _cBK
040 _aUA-OsUOA
_brus
_cUA-OsUOA
_dUA-OsUOA
245 _aПисьма к сыну ; Максимы ; Характеры
_cотв. ред. М. П. Алексеев
300 _a328 с.
955 _a3
041 _arus
080 _a821.161.1
260 _aМ.
_bНаука
_c1978
650 7 _a82 Література. Літературознавство
_2UDC
999 _c390504
_d390504